00000000nam##2200000za#4500
0019.583426
003CaOODSP
00520210624192608
007cr |||||||||||
008150406|2009||||xxc|||||o    f|0| 0 fre|d
020 |a978-0-662-06342-1
022 |a1915-8858
040 |aCaOODSP|bfre
041 |aeng
041 |afre
043 |an-cn---
0861 |aM116-2/115G14-PDF
1101 |aCanada.|bRessources naturelles Canada. |bCentre d'information topographique.
24510|aToshingermann Lakes, Yukon |h[ressource électronique]
250 |aÉd. 02, version 00
255 |aÉchelle 1:50,000
260 |aOttawa - Ontario : |bRessources naturelles Canada. |c2009.
300 |a1p.|bcarte en couleur
4901 |aCartes topographiques du Canada |x1915-8858|v115-G/14
500 |aSérie A722. Comprend une légende.
590 |a11-03-Supp|b2011-02-16
7760#|tToshingermann Lakes, Yukon |w(CaOODSP)9.547262
791 |tToshingermann Lakes, Yukon |eeng|w(CaOODSP)9.583425
830#0|aCartes topographiques du Canada,|x1915-8858|v115-G/14|w(CaOODSP)9.500294
85640|ahttp://publications.gc.ca|qPDF|s2699 Ko|uhttps://publications.gc.ca/collections/collection_2010/nrcan/topo/M116-2-115G14.pdf|y115-G/14